000 00406nam a2200121 a 4500
008 120416s1974 ||||||||||||||||| || u
050 _aTH 1099 Lou
245 0 0 _aStructures
260 _aLondon
_bMcMillan
_c1974
300 _a101p. : ill.
350 _a0.00
995 _D0.00
_FCBU-MAIN LIBRARY (Kitwe)
_H1
_I13.00
_M1
_UDAMAGED
_ZMain Library Open Access Collection
999 _c58733
_d58733